| 000 | 00421nam a22001697a 4500 | ||
|---|---|---|---|
| 005 | 20180321124456.0 | ||
| 008 | 160616b xxu||||| |||| 00| 0 eng d | ||
| 020 | _a981-240-612-3 | ||
| 041 | _aeng | ||
| 082 |
_b7918 _a338.5024658 |
||
| 100 |
_aSalvatore, Dominick _91014 |
||
| 245 | _aManagerial Economics:in a global economics | ||
| 260 |
_bThomson _c2004 |
||
| 300 | _a742 | ||
| 650 |
_aManagement _9241 |
||
| 942 | _cBK | ||
| 999 |
_c2888 _d2887 |
||